<?xml version="1.0" encoding="UTF-8"?>
<record
    xmlns:xsi="http://www.w3.org/2001/XMLSchema-instance"
    xsi:schemaLocation="http://www.loc.gov/MARC21/slim http://www.loc.gov/standards/marcxml/schema/MARC21slim.xsd"
    xmlns="http://www.loc.gov/MARC21/slim">

  <leader>00790cam a22002891a 4500</leader>
  <datafield tag="999" ind1=" " ind2=" ">
    <subfield code="c">28426</subfield>
    <subfield code="d">28426</subfield>
  </datafield>
  <controlfield tag="001">YPZ99131</controlfield>
  <controlfield tag="003">YPZ</controlfield>
  <controlfield tag="005">20221201132030.0</controlfield>
  <controlfield tag="008">141016|###########||||||b||||||||||spa|d</controlfield>
  <datafield tag="020" ind1=" " ind2=" ">
    <subfield code="a">9508520604</subfield>
  </datafield>
  <datafield tag="040" ind1=" " ind2=" ">
    <subfield code="c">SIUNPA</subfield>
  </datafield>
  <datafield tag="041" ind1=" " ind2=" ">
    <subfield code="a">spa</subfield>
  </datafield>
  <datafield tag="044" ind1=" " ind2=" ">
    <subfield code="a">ag</subfield>
  </datafield>
  <datafield tag="080" ind1=" " ind2=" ">
    <subfield code="a">343.352 W175p4</subfield>
  </datafield>
  <datafield tag="100" ind1=" " ind2=" ">
    <subfield code="a">Walger, Sylvina.</subfield>
  </datafield>
  <datafield tag="245" ind1=" " ind2=" ">
    <subfield code="a">Pizza con champ&#xE1;n</subfield>
    <subfield code="b"> : cr&#xF3;nica de la fiesta menemista</subfield>
    <subfield code="c">/ Sylvina Walger ; pr&#xF3;logo Joaqu&#xED;n Morales Sol&#xE1;</subfield>
  </datafield>
  <datafield tag="250" ind1=" " ind2=" ">
    <subfield code="a">4a. ed.</subfield>
  </datafield>
  <datafield tag="260" ind1=" " ind2=" ">
    <subfield code="a">Buenos Aires</subfield>
    <subfield code="b"> : Espasa Calpe</subfield>
    <subfield code="c"> , 1995</subfield>
  </datafield>
  <datafield tag="300" ind1=" " ind2=" ">
    <subfield code="a">398 p. :</subfield>
    <subfield code="b">il.</subfield>
  </datafield>
  <datafield tag="490" ind1=" " ind2=" ">
    <subfield code="a">(Espasa hoy)</subfield>
  </datafield>
  <datafield tag="650" ind1=" " ind2=" ">
    <subfield code="a"> CORRUPCION</subfield>
  </datafield>
  <datafield tag="650" ind1=" " ind2=" ">
    <subfield code="a"> SOBORNOS</subfield>
  </datafield>
  <datafield tag="650" ind1=" " ind2=" ">
    <subfield code="a"> INVESTIGACION PERIODISTICA</subfield>
  </datafield>
  <datafield tag="651" ind1=" " ind2="0">
    <subfield code="9">53</subfield>
    <subfield code="a">ARGENTINA</subfield>
  </datafield>
  <datafield tag="700" ind1=" " ind2=" ">
    <subfield code="4">, pr&#xF3;l.</subfield>
    <subfield code="a">Morales Sol&#xE1;, Joaqu&#xED;n</subfield>
  </datafield>
  <datafield tag="942" ind1=" " ind2=" ">
    <subfield code="c">BK</subfield>
    <subfield code="2">udc</subfield>
  </datafield>
  <datafield tag="952" ind1=" " ind2=" ">
    <subfield code="0">0</subfield>
    <subfield code="1">0</subfield>
    <subfield code="2">udc</subfield>
    <subfield code="4">0</subfield>
    <subfield code="5">1</subfield>
    <subfield code="7">-1</subfield>
    <subfield code="8">CG</subfield>
    <subfield code="a">BIB_RECT</subfield>
    <subfield code="b">BIB_UARG</subfield>
    <subfield code="d">2014-10-09</subfield>
    <subfield code="e">Don. Flia. Celada</subfield>
    <subfield code="g">70.00</subfield>
    <subfield code="i">05-46760</subfield>
    <subfield code="l">2</subfield>
    <subfield code="o">343.352 W175p4</subfield>
    <subfield code="p">05-46760</subfield>
    <subfield code="r">2021-04-29</subfield>
    <subfield code="s">2021-04-10</subfield>
    <subfield code="v">70.00</subfield>
    <subfield code="w">2019-04-03</subfield>
    <subfield code="y">BK</subfield>
  </datafield>
</record>
